| 000 | 00562nam a2200193Ia 4500 | ||
|---|---|---|---|
| 008 | 190412s9999 xx 000 0 und d | ||
| 100 | _aJi Won Kim | ||
| 245 | _aRumor has it: The effects of virality metrics on rumor believability and transmission on Twitter / | ||
| 245 | _cJi Won Kim | ||
| 260 | _bSage | ||
| 260 | _c2018 | ||
| 300 | _apages 4807-4825, December 2018 | ||
| 440 |
_aNew Media & Society _v20 (12) |
||
| 650 | _aMEDIA & SOCIETY | ||
| 650 | _aMessage Believability | ||
| 650 | _aRumor | ||
| 650 | _aSocial Norms | ||
| 942 |
_2lcc _cSE |
||
| 999 |
_c361416 _d361416 |
||